MARC details
| 000 -LEADER |
| fixed length control field |
01276cam a2200289 a 4500 |
| 001 - CONTROL NUMBER |
| control field |
11923281 |
| 003 - CONTROL NUMBER IDENTIFIER |
| control field |
GZU |
| 005 - DATE AND TIME OF LATEST TRANSACTION |
| control field |
20211014113715.0 |
| 008 - FIXED-LENGTH DATA ELEMENTS--GENERAL INFORMATION |
| fixed length control field |
000225s2000 miu b 001 0 eng |
| 010 ## - LIBRARY OF CONGRESS CONTROL NUMBER |
| LC control number |
00023484 |
| 020 ## - INTERNATIONAL STANDARD BOOK NUMBER |
| International Standard Book Number |
0472086863 (pbk. : alk. paper) |
| 040 ## - CATALOGING SOURCE |
| Original cataloging agency |
DLC |
| Transcribing agency |
DLC |
| Modifying agency |
DLC |
| 050 00 - LIBRARY OF CONGRESS CALL NUMBER |
| Classification number |
P121 |
| Item number |
.BRO 2000 |
| 100 1# - MAIN ENTRY--PERSONAL NAME |
| Personal name |
Brown, Steven, |
| Dates associated with a name |
1952- |
| Relator term |
author |
| 245 10 - TITLE STATEMENT |
| Title |
Understanding language structure, interaction, and variation : |
| Remainder of title |
an introduction to applied linguistics and sociolinguistics for nonspecialists / |
| Statement of responsibility, etc. |
Steven Brown, Salvatore Attardo. |
| 260 ## - PUBLICATION, DISTRIBUTION, ETC. |
| Place of publication, distribution, etc. |
Ann Arbor : |
| Name of publisher, distributor, etc. |
University of Michigan Press, |
| Date of publication, distribution, etc. |
c2000. |
| 300 ## - PHYSICAL DESCRIPTION |
| Extent |
xxi, 411 p. ; |
| Dimensions |
26 cm. |
| 504 ## - BIBLIOGRAPHY, ETC. NOTE |
| Bibliography, etc. note |
Includes bibliographical references (p. 371-387) and index. |
| 650 #0 - SUBJECT ADDED ENTRY--TOPICAL TERM |
| Topical term or geographic name entry element |
Linguistics. |
| 650 #0 - SUBJECT ADDED ENTRY--TOPICAL TERM |
| Topical term or geographic name entry element |
Language and languages. |
| 650 #0 - SUBJECT ADDED ENTRY--TOPICAL TERM |
| Topical term or geographic name entry element |
Sociolinguistics. |
| 700 1# - ADDED ENTRY--PERSONAL NAME |
| Personal name |
Attardo, Salvatore, |
| Dates associated with a name |
1962- |
| Relator term |
author |
| 856 42 - ELECTRONIC LOCATION AND ACCESS |
| Materials specified |
Publisher description |
| Uniform Resource Identifier |
<a href="http://www.loc.gov/catdir/description/umich051/00023484.html">http://www.loc.gov/catdir/description/umich051/00023484.html</a> |
| 906 ## - LOCAL DATA ELEMENT F, LDF (RLIN) |
| a |
7 |
| b |
cbc |
| c |
orignew |
| d |
1 |
| e |
ocip |
| f |
20 |
| g |
y-gencatlg |
| 942 ## - ADDED ENTRY ELEMENTS (KOHA) |
| Source of classification or shelving scheme |
Library of Congress Classification |
| Koha item type |
Books |
| Classification part |
121 |
| Item part |
BRO |
| Call number prefix |
P |